[Event "Leiden SB-ch"]
[Site "Leiden"]
[Date "2007.06.05"]
[Round "4"]
[White "Erwich, Frans"]
[Black "Barendse, Jan"]
[Result "1-0"]
[WhiteElo "1926"]
[BlackElo "1630"]
[PlyCount "79"]
[EventDate "2007.05.15"]
[EventType "swiss"]
[EventRounds "7"]
[EventCountry "NED"]
[SourceTitle "EXT 2012"]
[Source "ChessBase"]
[SourceDate "2011.11.24"]
[SourceVersion "1"]
[SourceVersionDate "2011.11.24"]
[SourceQuality "1"]

1. d4 Nf6 2. c4 e6 3. Nc3 d5 4. Bg5 Nbd7 5. e3 Be7 6. Nf3 c6 7. Qc2 h6 8. Bh4 a6 9. c5 0-0 10. Bd3 b6 11. cxb6 Nxb6 12. 0-0 Nbd7 13. Na4 Bb7 14. Rac1 Rc8 15. Qb3 Ba8 16. Bxa6 Rb8 17. Qc2 Ne4 18. Bxe7 Qxe7 19. a3 Qd8 20. b4 f5 21. Bd3 g5 22. Bxe4 fxe4 23. Nd2 Qe8 24. Nc5 Nxc5 25. Qxc5 Bb7 26. f3 Ba6 27. Rf2 exf3 28. Rxf3 Rf7 29. Qxc6 Rxf3 30. Nxf3 Be2 31. Ne5 Qe7 32. Qc7 Qxc7 33. Rxc7 Rf8 34. Rc1 h5 35. g3 g4 36. a4 Rb8 37. b5 Ra8 38. Kf2 Bf3 39. Nxf3 gxf3 40. b6 1-0